000 00495nam a2200169Ia 4500
003 GCL
008 140319s9999 xx 000 0 ara d
040 _aGCL /
_cGCL
082 0 4 _aد
_b050
100 1 _aمحمد فتحى عبدالهادى
245 1 0 _aالفضاء فى خيال الادباء (اقرا 440 ) /
_cمحمد فتحى عبدالهادى
700 1 _aمحمد فتحى عوض الله
300 _a179
490 _aاقرأ
_v0
650 0 4 _aالفضاء
942 _2ddc
_cBK
999 _c48678
_d48678